ARRUPE JESUIT UNIVERSITY

CORONAVIRUS -STOP THE SPREAD - CLEAN,DISINFECT,COVER

The Portuguese in South Africa (Record no. 91349)

MARC details
000 -LEADER
fixed length control field 00500nam a2200169Ia 4500
003 - CONTROL NUMBER IDENTIFIER
control field 0100
005 - DATE AND TIME OF LATEST TRANSACTION
control field 20170503112335.0
008 - FIXED-LENGTH DATA ELEMENTS--GENERAL INFORMATION
fixed length control field 130307s9999 xx 000 0 und d
040 ## - CATALOGING SOURCE
Transcribing agency ARRUPELIB
050 ## - LIBRARY OF CONGRESS CALL NUMBER
Classification number DT459.T5 1896
100 ## - MAIN ENTRY--PERSONAL NAME
Personal name Theal, George M`Call
9 (RLIN) 30355
245 #4 - TITLE STATEMENT
Title The Portuguese in South Africa
245 ## - TITLE STATEMENT
Remainder of title with a description of the native races between the River Zambesi and the Cape of Good Hope during the sixteenth century
260 ## - PUBLICATION, DISTRIBUTION, ETC. (IMPRINT)
Name of publisher, distributor, etc T. Fisher Unwin
Place of publication, distribution, etc London
Date of publication, distribution, etc 1896
300 ## - PHYSICAL DESCRIPTION
Extent 324p.
650 ## - SUBJECT ADDED ENTRY--TOPICAL TERM
Topical term or geographic name as entry element Portuguese in Africa
Geographic subdivision South Africa
9 (RLIN) 30356
650 ## - SUBJECT ADDED ENTRY--TOPICAL TERM
Topical term or geographic name as entry element South Africa
General subdivision Description and travel
9 (RLIN) 21997
942 ## - ADDED ENTRY ELEMENTS (KOHA)
Source of classification or shelving scheme Library of Congress Classification
Koha item type Monograph ( Printed materials)
Holdings
Withdrawn status Lost status Source of classification or shelving scheme Damaged status Not for loan Collection code Home library Current library Shelving location Date acquired Total Checkouts Full call number Barcode Date last seen Date checked out Copy number Price effective from Koha item type
    Library of Congress Classification     Main Collection ARRUPE LIBRARY ARRUPE LIBRARY Main Collection 07/03/2013 3 DT459.T5 1896 46600000021 02/04/2019 07/03/2019 1 07/03/2013 Monograph ( Printed materials)

 

Arrupe Library. PO Box MP320 Mt Pleasant, Harare, Zimbabwe
263 242 745411|librarian@aju.ac.zw